000 00911nam a2200301Ia 4500
001 4390
005 20260216195243.0
008 160601s9999 xx 000 0 und d
020 _a9700727742
020 _a9789700727745
040 _aCO-BoRNBP
_bspa
_erda
_cCO-BoRNBP
084 _aN MAN1
100 1 _aMann, Thomas
_d1875-1955
_928472
245 1 3 _aLa montaña mágica
_cThomas Mann
250 _a2a. edición
264 _aMéxico
_bPorrúa
_c2001
300 _a712 páginas
_c22 cm
336 _atexto
_btxt
_2rdacontent
337 _asin mediación
_bn
_2rdamedia
338 _avolumen
_bnc
_2rdacarrier
490 _aSepan cuantos...
600 _aMann, Thomas
_d1875-1955
_928472
650 1 4 _2LEMB
_aNovela alemana
_ySiglo XX
_962782
650 1 4 _2LEMB
_aLiteratura alemana
_ySiglo XX
_962783
650 1 4 _2LEMB
_aProblemas sociales
_92693
740 _aEsbozo de mi vida
942 _2loc
_cBKLIT
999 _c4390
_d4390